Tutto sul Signore degli Anelli (film) - Statistics

Statistiche generali
  • Questo quiz è stato fatto 435 volte
  • Il punteggio medio è 11 su 15
Statistiche sulle risposte
Domanda Risposta % Corretto
Come si chiama l'elfo membro della Compagnia dell'Anello? Legolas
90%
Cosa si trova in cima alla Torre di Mordor? Occhio di Sauron
89%
Qual è il nome da Hobbit di Gollum? Smeagol
89%
A che specie appartiene Gimli? Nani
88%
Che attività stava facendo Smeagol quando il suo amico trovò l'Anello? Pescando
87%
Che dito della mano sinistra ha perso Frodo (nei film)? Indice
86%
Chi è il fratello di Merry? Pipino
82%
Quanti anelli del potere esistono? 20
79%
A quale specie appartiene Barbalbero? Ent
70%
Che mostro ha sconfitto Gandalf prima di diventare Gandalf il Bianco? Flagello di Durin
64%
Quanti anni ha veramente Aragorn? 87
60%
Ultima città della resistenza degli uomini contro gli orchi Minas Tirith
58%
Ne "La Compagnia dell'Anello" cosa regala Lady Galadriel a Gimli? Ciocca di capelli
56%
Chi ha ucciso Saruman? Grima
51%
Chi è la nipote di Re Theoden? Eowyn
44%
Nessun quiz corrispondente trovato
Distribuzione punteggi
Percentuale di utenti per punteggio
Percentile per numero di risposta
I tuoi punteggi nel tempo
Non hai fatto questo quiz